Statistics for Multiple Choice Animal Quiz

Click here to take the quiz!

General Stats

  • This quiz has been taken 9,969 times
  • The average score is 11 of 15

Answer Stats

Question Answer % Correct
How many arms (mistakenly called tentacles) do octopuses have?8
94%
Is a sea cucumber an animal or a plant?Animal
88%
Which of these animals uses echolocation to navigate?Dolphins
85%
Are there polar bears in the wild in the Southern Hemisphere?No
82%
What can a Jesus Christ lizard do?Walk on water
82%
How many rhinoceroses still exist in the wild?about 25,000
80%
Are frogs reptiles?No
79%
Which of the following is NOT a type of antelope?Marten
79%
What is a group of owls called?a Parliament
77%
True or false: There is a sizable population of feral camels living in AustraliaTrue
76%
In what mountain range could you encounter a wild yak?Himalayas
75%
Do blue whales have teeth?No
67%
In what country would you find the world's northernmost wild monkey population?Japan
61%
What type of animal would you find in an apiary?Bees
60%
What's the longest a lobster can live?More than 100 years
52%

Score Distribution

Percentile by Number Answered

Percent of People with Each Score

Your Score History

You have not taken this quiz